000
00227 a2200097 4500
001
29864
100
_a
Henley I P
245
_a
computer Based library and Information System
260
_a
_b
Macdonald
_c
090
_c
19861
_d
19861
942
_a
NUST-CAE
_c
M
_c
10959
999
_c
264937
_d
264937